| 000 | 00372cam a22001217a 4500 | ||
|---|---|---|---|
| 008 | 180718b1957 xxu||||| |||| 00| 0 eng d | ||
| 082 | _aB253x42 Sp31 | ||
| 100 | _aSpearman, Diana | ||
| 245 |
_aDemocracy in England _cby Diana Spearman |
||
| 260 |
_aLondon _bSalisbury Sqare _c1957 |
||
| 300 | _axviii, 238p | ||
| 650 | _aGreat Britain --Politics and government --20th century. | ||
| 999 |
_c420810 _d420810 |
||